000 01882cam a22002054a 4500
005 20250605163356.0
008 250528s ||||||||||||||||||||||||d
035 _a17875
020 _a9789608382183
040 _aGR-AtMCL
_bgre
_dGR-AtMCL
_eAACR2
245 1 _aΔιοίκηση Επιχειρήσεων Τροφίμων και Ποτών / Food and Beverage Management: Δ' Έκδοση
250 _a
260 _bLes Livres Du Tourisme,
_c2019
300 _a224
520 _aΤο παρόν βιβλίο αποτελεί ένα επιστημονικό εγχειρίδιο που απευθύνεται σε σπουδαστές τουριστικών σχολών και επαγγελματίες του χώρου και φιλοδοξεί να τους γνωρίσει τον πολυσύνθετο χώρο του επισιτισμού. Πρόλογος, Εισαγωγή στο Food and Beverage Management, Οργάνωση του Τμήματος Food and Beverage, Το Περιβάλλον των Επισιτιστικών Επιχειρήσεων, Συστατικά Στοιχεία Διοίκησης Επισιτιστικών Επιχειρήσεων, Διοίκηση Προσωπικού Επισιτιστικών Επιχειρήσεων, Διοίκηση Προμηθειών και Διαχείριση Υλικών, Αποθήκευση Υλικών, Μέθοδοι Παραγωγής Επισιτιστικών Επιχειρήσεων, Μέθοδος Σερβιρίσματος Φαγητού - Ποτού, Σύνθεση Καταλόγου Εστιατορίου, Έλεγχος Κόστους, Τιμολόγηση Προϊόντων, Έλεγχος Πωληθέντων, Ελληνική και Ξένη Βιβλιογραφία.
700 1 _aΠατέστης Ιωάννης
942 _cBK
999 _c3274
_d3274